Gimme an 'F' Quiz Stats

Quiz Updated Jan 22, 2015

Also try: Gimme a 'D'
Challenge
Share
Tweet
Embed
Score 0/29 Timer 06:00
0 Plays Today
Hint Answer % Correct
Commonest English WordsFor
93.6%
Commonest English WordsOf
67.4%
US President SurnamesFord
66.1%
Commonest English WordsFrom
63.7%
African CountriesSouth Africa
59.3%
Hogwarts HousesHufflepuff
56.8%
Hogwarts HousesGryffindor
55.1%
Commonest English WordsIf
54.7%
US President SurnamesJefferson
51.6%
ElementsFluorine
48.7%
African CountriesCentral African Republic
41.6%
US President SurnamesTaft
41.6%
NHL Team NamesPhiladelphia Flyers
41.3%
US President SurnamesFillmore
37.9%
Commonest English WordsAfter
36.8%
Hint Answer % Correct
African CountriesDemocratic Republic of the Congo
34.6%
US President SurnamesGarfield
31.7%
African CountriesBurkina Faso
30.5%
NHL Team NamesCalgary Flames
30.5%
African CountriesRepublic of the Congo
29.7%
ElementsFrancium
26.8%
NHL Team NamesToronto Maple Leafs
24.9%
ElementsSulfur
22.3%
ElementsCalifornium
15.5%
ElementsHafnium
14.9%
Commonest English WordsFirst
13.7%
ElementsFermium
12%
ElementsRutherfordium
11.8%
ElementsFlerovium
6.5%

You're not logged in!

Compare scores with friends on all Sporcle quizzes.
Sign Up with Email
OR
Log In

You Might Also Like...

Show Comments

Extras

Top Quizzes Today


Score Distribution

Your Account Isn't Verified!

In order to create a playlist on Sporcle, you need to verify the email address you used during registration. Go to your Sporcle Settings to finish the process.